[Event "Sachsen-Anhalt Landesliga-B 1920"]
[Site "Sachsen Anhalt"]
[Date "2020.02.02"]
[Round "6.4"]
[White "Baum, Bernhard"]
[Black "Stricker, Dieter"]
[Result "1-0"]
[WhiteElo "1879"]
[BlackElo "1694"]
[PlyCount "65"]
[EventDate "2019.09.29"]
[EventType "team-tourn"]
[EventRounds "9"]
[EventCountry "GER"]
[SourceTitle "EXT 2023"]
[Source "ChessBase"]
[SourceDate "2022.10.05"]
[SourceVersion "1"]
[SourceVersionDate "2022.10.05"]
[SourceQuality "1"]
[WhiteTeam "Bad Schmiedeberg"]
[BlackTeam "Granschuetz Gruen Weiss"]
[WhiteTeamCountry "GER"]
[BlackTeamCountry "GER"]

1. d4 d5 2. Bf4 Nf6 3. e3 e6 4. Bd3 b6 5. Nf3 Bb7 6. Nbd2 Nbd7 7. 0-0 Be7 8. Ne5 0-0 9. c3 Ne4 10. f3 Nxd2 11. Qxd2 c5 12. Rad1 c4 13. Bb1 b5 14. e4 f6 15. Nxd7 Qxd7 16. e5 f5 17. g4 g6 18. Bh6 Rf7 19. gxf5 gxf5 20. Kh1 Kh8 21. Rg1 Bf8 22. Rg2 Bg7 23. Rdg1 Rg8 24. Rg3 Qe7 25. Qg2 Qf8 26. Bg5 Bc6 27. Bf6 Be8 28. h4 Rb7 29. f4 Bh5 30. Rxg7 Rbxg7 31. Qg5 Qf7 32. Qh6 Bg4 33. Rxg4 1-0

[Event "Sachsen-Anhalt Landesliga-B 1920"]
[Site "Sachsen Anhalt"]
[Date "2019.09.29"]
[Round "1.5"]
[White "Kipka, Eberhard"]
[Black "Stricker, Dieter"]
[Result "0-1"]
[WhiteElo "1759"]
[BlackElo "1694"]
[PlyCount "78"]
[EventDate "2019.09.29"]
[EventType "team-tourn"]
[EventRounds "9"]
[EventCountry "GER"]
[SourceTitle "EXT 2023"]
[Source "ChessBase"]
[SourceDate "2022.10.05"]
[SourceVersion "1"]
[SourceVersionDate "2022.10.05"]
[SourceQuality "1"]
[WhiteTeam "Hettstedt"]
[BlackTeam "Granschuetz Gruen Weiss"]
[WhiteTeamCountry "GER"]
[BlackTeamCountry "GER"]

1. d4 d5 2. c4 e6 3. Nc3 Nf6 4. Bg5 Nbd7 5. a3 c6 6. e3 Bd6 7. Nf3 0-0 8. cxd5 exd5 9. Bd3 h6 10. Bh4 Re8 11. Qc2 Nf8 12. 0-0 Bg4 13. Nd2 g5 14. Bg3 Kg7 15. e4 Bxg3 16. fxg3 dxe4 17. Ndxe4 Qxd4+ 18. Kh1 N8d7 19. Rf2 Re6 20. Raf1 Bh5 21. Nxf6 Nxf6 22. Bf5 Rd6 23. Ne4 Nxe4 24. Bxe4 Re8 25. Bh7 Re7 26. h3 Bd1 27. Qb1 Be2 28. Qe1 Qe5 29. Rg1 Kxh7 30. Qb4 a5 31. Qb3 Qe6 32. Qc3 Bh5 33. Qxa5 Qe3 34. Qf5+ Bg6 35. Qf3 Qxf3 36. gxf3 Red7 37. Rgg2 Rd3 38. Kh2 Rb3 39. g4 Rdd3 0-1

[Event "Sachsen-Anhalt Landesliga B 18/19"]
[Site "Sachsen Anhalt"]
[Date "2019.04.07"]
[Round "9.5"]
[White "Stricker, Dieter"]
[Black "Baum, Michael"]
[Result "1/2-1/2"]
[WhiteElo "1910"]
[BlackElo "1930"]
[PlyCount "79"]
[EventDate "2018.09.23"]
[EventType "team-tourn"]
[EventRounds "9"]
[EventCountry "GER"]
[SourceTitle "EXT 2022"]
[Source "ChessBase"]
[SourceDate "2021.10.06"]
[SourceVersion "1"]
[SourceVersionDate "2021.10.06"]
[SourceQuality "1"]
[WhiteTeam "Granschuetz Gruen Weiss"]
[BlackTeam "Bad Schmiedeberg II"]
[WhiteTeamCountry "GER"]
[BlackTeamCountry "GER"]

1. d4 Nf6 2. c4 e5 3. dxe5 Ng4 4. Nf3 Bc5 5. e3 Nc6 6. Be2 Ngxe5 7. 0-0 0-0 8. Nc3 Re8 9. a3 a5 10. b3 Nxf3+ 11. Bxf3 Ne5 12. Bb2 Nxf3+ 13. Qxf3 Ra6 14. Nd5 Rg6 15. b4 Bf8 16. c5 d6 17. Nf4 Rh6 18. cxd6 Bxd6 19. g3 axb4 20. Rfd1 bxa3 21. Rxa3 Bd7 22. Ra7 Bc6 23. Qg4 Rg6 24. Nxg6 hxg6 25. Qd4 f6 26. Qc4+ Kh8 27. Qh4+ Kg8 28. Qc4+ Kf8 29. Ba3 Re4 30. Qa2 Qe7 31. Bxd6 cxd6 32. Ra8+ Be8 33. Qd5 Rb4 34. Qxd6 Qxd6 35. Rxd6 Rb1+ 36. Kg2 Ke7 37. Rd2 Bc6+ 38. f3 g5 39. Kf2 Rh1 40. Rh8 1/2-1/2

[Event "Sachsen-Anhalt Landesliga B 18/19"]
[Site "Sachsen Anhalt"]
[Date "2018.11.11"]
[Round "3.5"]
[White "Baerthel, Klaus"]
[Black "Stricker, Dieter"]
[Result "1-0"]
[WhiteElo "1871"]
[BlackElo "1910"]
[PlyCount "57"]
[EventDate "2018.09.23"]
[EventType "team-tourn"]
[EventRounds "9"]
[EventCountry "GER"]
[SourceTitle "EXT 2022"]
[Source "ChessBase"]
[SourceDate "2021.10.06"]
[SourceVersion "1"]
[SourceVersionDate "2021.10.06"]
[SourceQuality "1"]
[WhiteTeam "Naumburg II"]
[BlackTeam "Granschuetz Gruen Weiss"]
[WhiteTeamCountry "GER"]
[BlackTeamCountry "GER"]

1. e4 c5 2. Nf3 g6 3. d4 cxd4 4. Nxd4 Bg7 5. c4 Nc6 6. Be3 d6 7. Nc3 Bd7 8. Be2 Nf6 9. 0-0 0-0 10. Qd2 Re8 11. f3 b6 12. Rfd1 Ne5 13. Rac1 Qc8 14. Nd5 Qb7 15. h3 h5 16. Nxf6+ Bxf6 17. Nc2 Rec8 18. Nb4 Bg7 19. Nd5 Nc6 20. b3 Re8 21. f4 Rad8 22. Qe1 e6 23. Nc3 Bc8 24. Nb5 d5 25. e5 Bf8 26. cxd5 exd5 27. Bf3 Be6 28. Nd4 Nb4 29. a3 1-0

[Event "GER Cup"]
[Site "Kassel"]
[Date "2013.05.31"]
[Round "4.13"]
[White "Schatz, Christian"]
[Black "Stricker, Dieter"]
[Result "1-0"]
[WhiteElo "2207"]
[BlackElo "1979"]
[PlyCount "73"]
[EventDate "2013.05.30"]
[EventType "k.o."]
[EventRounds "5"]
[EventCountry "GER"]
[SourceTitle "EXT 2017"]
[Source "ChessBase"]
[SourceDate "2016.10.25"]
[SourceVersion "1"]
[SourceVersionDate "2016.10.25"]
[SourceQuality "1"]

1. Nf3 d5 2. c4 c6 3. d4 e6 4. Nbd2 f5 5. Ne5 Nd7 6. f4 Nh6 7. e3 Be7 8. Qh5+ Kf8 9. Be2 Qe8 10. Qh3 Nf7 11. 0-0 Ndxe5 12. dxe5 g6 13. g4 Kg7 14. gxf5 exf5 15. cxd5 cxd5 16. Nb3 a6 17. Bd2 Be6 18. Bf3 Rc8 19. Qg2 Qd7 20. Rfd1 Rc2 21. Nd4 Rxb2 22. Nxe6+ Qxe6 23. Bxd5 Qb6 24. e6 Ne5 25. Qg3 Ng4 26. Bc3+ Bf6 27. Bxb2 Bxb2 28. Rab1 Rc8 29. e7 Nxe3 30. Rxb2 Qxb2 31. Qxe3 Re8 32. Bb3 b5 33. Rd8 Qb1+ 34. Kg2 Qb2+ 35. Kh3 Qb1 36. Rxe8 Qf1+ 37. Kg3 1-0

[Event "GER Cup"]
[Site "Kassel"]
[Date "2013.05.30"]
[Round "2.9"]
[White "Stricker, Dieter"]
[Black "Reddmann, Hauke"]
[Result "0-1"]
[WhiteElo "1979"]
[BlackElo "2301"]
[PlyCount "66"]
[EventDate "2013.05.30"]
[EventType "k.o."]
[EventRounds "5"]
[EventCountry "GER"]
[SourceTitle "EXT 2017"]
[Source "ChessBase"]
[SourceDate "2016.10.25"]
[SourceVersion "1"]
[SourceVersionDate "2016.10.25"]
[SourceQuality "1"]

1. d4 Nf6 2. c4 e6 3. Nc3 Bb4 4. f3 Bxc3+ 5. bxc3 d6 6. e4 Nc6 7. Bd3 e5 8. Ne2 b6 9. Be3 Nd7 10. Qa4 Na5 11. c5 dxc5 12. dxc5 Qe7 13. cxb6 axb6 14. Bb5 0-0 15. Kf2 Nc5 16. Qc2 c6 17. Bd3 Rd8 18. Rhd1 Be6 19. Rab1 Nxd3+ 20. Rxd3 Rxd3 21. Qxd3 Nc4 22. Bxb6 Qh4+ 23. Kf1 h5 24. Bf2 Qg5 25. h4 Qe7 26. Qd1 Rd8 27. Qc2 Na3 28. Qb2 Nxb1 29. Qxb1 Bxa2 30. Qc2 Rd1+ 31. Be1 Qxh4 32. g3 Qh1+ 33. Ng1 Rxe1+ 0-1

[Event "GER Cup"]
[Site "Kassel"]
[Date "2013.05.30"]
[Round "1.2"]
[White "Twele, Uwe"]
[Black "Stricker, Dieter"]
[Result "1-0"]
[WhiteElo "1995"]
[BlackElo "1979"]
[PlyCount "78"]
[EventDate "2013.05.30"]
[EventType "k.o."]
[EventRounds "5"]
[EventCountry "GER"]
[SourceTitle "EXT 2017"]
[Source "ChessBase"]
[SourceDate "2016.10.25"]
[SourceVersion "1"]
[SourceVersionDate "2016.10.25"]
[SourceQuality "1"]

1. e4 c5 2. Nf3 Nc6 3. Bb5 g6 4. 0-0 Bg7 5. Nc3 Nf6 6. d3 0-0 7. Be3 d6 8. h3 Be6 9. Qc1 a6 10. Bxc6 bxc6 11. Bh6 Rb8 12. Bxg7 Kxg7 13. b3 Qa5 14. Ne2 Bd7 15. e5 Nd5 16. c4 Nc7 17. Qb2 Ne6 18. exd6+ f6 19. dxe7 Rf7 20. Ne5 Rxe7 21. Ng4 Rf8 22. Rad1 h5 23. Ne3 Kh7 24. Qd2 Qc7 25. f4 Ng7 26. Nc3 Bf5 27. Nxf5 Nxf5 28. Ne4 Qa7 29. Rfe1 Re6 30. Ng5+ fxg5 31. Rxe6 Qd7 32. Rde1 Qd4+ 33. Qf2 gxf4 34. Rxc6 Ne3 35. Re6 Rf5 36. R1xe3 fxe3 37. Qxe3 Re5 38. Qxd4 Re1+ 39. Kf2 cxd4 1-0